000
00332nam a2200157Ia 4500
100
_a
Thanekar/ Pankaj
490
_v
2
942
_c
BK
654
_a
mathematics I
245
_a
Applied Mathematics-I
260
_b
Students book depot
_a
Mumbai
_c
1996
082
_a
519
_b
THA
300
_a
472
546
_a
ENGLISH
999
_c
21710
_d
21710